LDR 01046naa#a2200181#i#450# 001 RU\\bibl\121068 005 20260430143926.4 011 ## _a1994-4683 100 ## _a20260429b2026####ek#y0rusy0150####ca 102 ## _aRU 200 1# _aО современном состоянии проблемы вовлечения лиц с приобретенным поражением опорно-двигательного аппарата в адаптивный спорт: теория и практика _eЖурнальная статья 210 1# _aМосква _cНациональный государственный Университет физической культуры, спорта и здоровья им. П.Ф. Лесгафта _d2026 215 ## _a6 с. 608 ## _aЖурнальная статья _2local 675 ## _aСпорт как лечебное средство. 615.825.4 _z 700 #1 _aЛукина _gОльга Андреевна 700 #1 _aШелехов _gАлексей Анатольевич 856 4# _auchzapiski.lesgaft.spb.ru _u